[Event "AUTO-ELITE-1417"]
[Site "http://www.queenalice.com/game.php?id=1337515"]
[Date "2015.1.27"]
[Round "2"]
[White "gedr59"]
[Black "EddieK"]
[Result "1/2-1/2"]
[WhiteElo "2424"]
[BlackElo "2305"]

1. c4 e5 2. Nc3 Nc6 3. Nf3 f5 4. d4 e4 5. Ng5 Be7 6. Nh3 Nf6 7. e3 O-O 8. Nf4 g5
9. Nfd5 Nb4 10. Nxe7+ Qxe7 11. a3 Nc6 12. h4 g4 13. Nd5 Nxd5 14. cxd5 Nd8 15.
Bd2 d6 16. Qb3 a5 17. Rc1 b6 18. Rc3 Ba6 19. Bxa6 Rxa6 20. O-O Ra7 21. Rfc1 Qxh4
22. Rxc7 Rxc7 23. Rxc7 g3 24. fxg3 Qxg3 25. Qd1 f4 26. exf4 e3 27. Qe1 Qxe1+ 28.
Bxe1 Rxf4 29. Rc8 Rf8 30. Rc3 e2 31. Rg3+ Kh8 32. Rf3 Rxf3 33. gxf3 1/2-1/2

[Event "AUTO-ELITE-1417"]
[Site "http://www.queenalice.com/game.php?id=1337518"]
[Date "2015.1.27"]
[Round "2"]
[White "gedr59"]
[Black "Alsina"]
[Result "1/2-1/2"]
[WhiteElo "2422"]
[BlackElo "2533"]

1. c4 e5 2. Nc3 Nf6 3. Nf3 Nc6 4. e3 Bb4 5. Nd5 e4 6. Ng1 O-O 7. a3 Bd6 8. d3
exd3 9. Bxd3 Ne5 10. Be2 Re8 11. Nf3 Nxf3+ 12. Bxf3 c6 13. Nxf6+ Qxf6 14. O-O
Be5 15. Qb3 d6 16. Be2 Re7 17. Bd3 Bf5 18. Rd1 Bxd3 19. Rxd3 a5 20. Bd2 Qf5 21.
a4 Bxb2 22. Rd1 Be5 23. Bc1 Rd7 24. Ba3 Rad8 25. f4 Bf6 26. Rxd6 h5 27. Rxd7
Rxd7 28. Rd6 Bh4 29. g3 Be7 30. Rxd7 Qxd7 31. Bxe7 Qxe7 32. Kf2 Qb4 33. Qc2 g6
1/2-1/2

[Event "AUTO-ELITE-1417"]
[Site "http://www.queenalice.com/game.php?id=1337519"]
[Date "2015.1.27"]
[Round "2"]
[White "Alsina"]
[Black "gedr59"]
[Result "1/2-1/2"]
[WhiteElo "2535"]
[BlackElo "2420"]

1. e4 e6 2. d4 d5 3. Nc3 Bb4 4. e5 c5 5. a3 Bxc3+ 6. bxc3 Ne7 7. Qg4 Qc7 8. Qxg7
Rg8 9. Qxh7 cxd4 10. Ne2 Nbc6 11. f4 dxc3 12. Qd3 d4 13. Nxd4 Nxd4 14. Qxd4 Bd7
15. Rg1 Nf5 16. Qf2 Qc6 17. Bd3 Qd5 18. Rb1 Bc6 19. Rb3 O-O-O 20. Rxc3 Kb8 21.
a4 Qa2 22. Bxf5 exf5 23. Qc5 Qb1 24. Ke2 Rxg2+ 25. Rxg2 Qxc1 26. Rd3 Rc8 27.
Qd6+ Ka8 28. Rf2 Qxc2+ 29. Kf1 Qc1+ 30. Rd1 Qc4+ 31. Qd3 Qxa4 32. Qd8 Kb8 33.
Qd6+ 1/2-1/2

[Event "AUTO-ELITE-1488"]
[Site "http://www.queenalice.com/game.php?id=1355779"]
[Date "2015.4.26"]
[Round "1"]
[White "gedr59"]
[Black "Alsina"]
[Result "1/2-1/2"]
[WhiteElo "2420"]
[BlackElo "2525"]

1. c4 e6 2. g3 d5 3. Bg2 Nf6 4. Nf3 Be7 5. O-O O-O 6. b3 b6 7. Bb2 Bb7 8. e3
Nbd7 9. Nc3 c5 10. Qe2 Rc8 11. Rfd1 Qc7 12. cxd5 Nxd5 13. Nxd5 Bxd5 14. e4 Bb7
15. Rac1 Qb8 16. d4 cxd4 17. Nxd4 Rxc1 18. Bxc1 Rd8 19. Bf4 Ne5 20. b4 Bf6 21.
Nf3 Rxd1+ 22. Qxd1 h6 23. Nxe5 Bxe5 24. Be3 1/2-1/2

[Event "AUTO-ELITE-1488"]
[Site "http://www.queenalice.com/game.php?id=1355780"]
[Date "2015.4.26"]
[Round "1"]
[White "Alsina"]
[Black "gedr59"]
[Result "1/2-1/2"]
[WhiteElo "2482"]
[BlackElo "2398"]

1. d4 e6 2. c4 f5 3. g3 Nf6 4. Nc3 Bb4 5. e3 O-O 6. Bd3 b6 7. Ne2 Bb7 8. O-O Bf3
9. Nb1 Nc6 10. a3 Bd6 11. Nd2 Bg4 12. b4 a6 13. Bb2 Qe8 14. f3 Bh3 15. Rf2 Qg6
16. c5 bxc5 17. dxc5 Be5 18. Bxe5 Nxe5 19. Nf4 Qh6 20. Nc4 Nc6 21. Bc2 e5 22.
Nxh3 Qxh3 23. f4 Ng4 24. Re2 Rad8 25. Ba4 exf4 26. exf4 Rde8 27. Qd5+ Kh8 28.
Qg2 Qxg2+ 29. Rxg2 Nd4 30. Bxd7 Re4 31. Kh1 g6 32. h3 Nf6 33. Ne5 Re3 34. Rd1
Nf3 35. Bc6 Nxe5 36. fxe5 Rxe5 37. Rgd2 Kg7 38. Kg2 g5 39. Bb7 Rb8 40. Bxa6 Ra8
41. b5 Rxc5 42. a4 Ne4 43. Ra2 Kf6 44. Bb7 Ra5 45. Bxe4 fxe4 46. Rd4 Rcxb5 47.
Rxe4 Rb6 1/2-1/2

[Event "AUTO-ELITE-1488"]
[Site "http://www.queenalice.com/game.php?id=1355781"]
[Date "2015.4.26"]
[Round "1"]
[White "gedr59"]
[Black "krodo"]
[Result "0-1"]
[WhiteElo "2422"]
[BlackElo "2565"]

1. c4 e5 2. g3 c6 3. d4 exd4 4. Qxd4 Nf6 5. Bg2 Be7 6. Nf3 O-O 7. O-O d5 8. cxd5
Nxd5 9. Nc3 Bf6 10. Qa4 Nxc3 11. bxc3 Nd7 12. Be3 Bxc3 13. Rac1 Qa5 14. Qb3 Bf6
15. Nd2 Be7 16. Ne4 h6 17. Rfd1 Re8 18. Bd4 h5 19. h4 Qf5 20. Qe3 Bf8 21. Rd2 f6
22. Qd3 Kh8 23. a4 a5 24. Rdd1 Qg6 25. Qb1 Ba3 26. Nc3 f5 27. Rc2 Nf8 28. Qb3
Bb4 29. Na2 Be6 30. Qb2 Bxa2 31. Qxa2 Rad8 32. Rcc1 f4 33. gxf4 Qg4 34. Qf7 Re7
35. Qb3 Ne6 36. Be5 Rxd1+ 37. Rxd1 Nxf4 38. Bxf4 Qxf4 39. Qc2 Rf7 40. Bf3 g6 41.
Qb2+ Kh7 42. Qd4 Qxd4 43. Rxd4 Bc5 44. Rd8 b6 45. Re8 Rf4 46. Re4 Rf5 47. Kg2 b5
48. e3 Bb4 49. axb5 cxb5 50. Rd4 Kh6 51. Be4 Re5 52. Kf3 Be7 0-1

[Event "AUTO-ELITE-1488"]
[Site "http://www.queenalice.com/game.php?id=1355782"]
[Date "2015.4.26"]
[Round "1"]
[White "krodo"]
[Black "gedr59"]
[Result "1-0"]
[WhiteElo "2552"]
[BlackElo "2422"]

1. e4 e6 2. d4 d5 3. exd5 exd5 4. Nf3 Bd6 5. Bd3 Ne7 6. O-O Bg4 7. h3 Bh5 8. Re1
O-O 9. Bxh7+ Kh8 10. Bd3 Nbc6 11. c3 Qc8 12. Na3 a6 13. Nc2 Kg8 14. Ne3 Qd7 15.
g4 Bg6 16. Bxg6 fxg6 17. Ng2 Nd8 18. Qe2 Ne6 19. Ne5 1-0

[Event "AUTO-ELITE-1505"]
[Site "http://www.queenalice.com/game.php?id=1362572"]
[Date "2015.5.30"]
[Round "1"]
[White "gedr59"]
[Black "krodo"]
[Result "0-1"]
[WhiteElo "2417"]
[BlackElo "2581"]

1. c4 c5 2. g3 Nc6 3. Bg2 g6 4. Nc3 Bg7 5. Nf3 d6 6. O-O Nf6 7. d4 cxd4 8. Nxd4
Bd7 9. Nxc6 bxc6 10. e4 Qa5 11. Bd2 O-O 12. Nd5 Qd8 13. Ne3 h5 14. Bc3 Ng4 15.
Bxg7 Nxe3 16. fxe3 Kxg7 17. Qd4+ f6 18. c5 Bg4 19. Rac1 Qc7 20. cxd6 exd6 21.
Bf3 Bxf3 22. Rxf3 c5 23. Qd5 Rab8 24. Rf2 Rfe8 25. Rd1 Rbd8 26. Qc4 Qf7 27. Rc2
Qd7 28. Rcd2 Qb7 29. Rxd6 Rxd6 30. Rxd6 Qxb2 31. Qa4 Qb1+ 0-1

[Event "AUTO-ELITE-1505"]
[Site "http://www.queenalice.com/game.php?id=1362573"]
[Date "2015.5.30"]
[Round "1"]
[White "krodo"]
[Black "gedr59"]
[Result "1/2-1/2"]
[WhiteElo "2586"]
[BlackElo "2412"]

1. d4 e6 2. e4 d5 3. Nc3 Bb4 4. e5 c5 5. a3 Bxc3+ 6. bxc3 Ne7 7. Nf3 Bd7 8. a4
Qa5 9. Qd2 Nbc6 10. Bd3 f6 11. exf6 gxf6 12. O-O c4 13. Be2 Nf5 14. Qe1 O-O-O
15. Qd2 Rdg8 16. Re1 e5 17. dxe5 fxe5 18. Rd1 e4 19. Nd4 Ncxd4 20. cxd4 Qxd2 21.
Rxd2 Nh4 22. g3 Rg6 23. Rd1 Rf8 24. a5 Kc7 25. Bh5 Nf3+ 26. Bxf3 Rxf3 27. Bd2 h5
28. h4 Rf8 29. Rdb1 Rgf6 30. Bf4+ Kc8 31. Kg2 Rg6 32. Kf1 Rf7 1/2-1/2

[Event "AUTO-ELITE-1505"]
[Site "http://www.queenalice.com/game.php?id=1362574"]
[Date "2015.5.30"]
[Round "1"]
[White "gedr59"]
[Black "TigranPetrosian"]
[Result "1/2-1/2"]
[WhiteElo "2408"]
[BlackElo "2388"]

1. c4 c5 2. Nc3 Nf6 3. g3 g6 4. Bg2 Bg7 5. Nf3 O-O 6. d4 cxd4 7. Nxd4 Qc7 8. Qd3
Nc6 9. O-O d6 10. Ncb5 Qd7 11. b3 Ng4 12. e3 Qd8 13. Bb2 Bd7 14. Nc3 Nf6 15. Qd2
Qb6 16. Rac1 Qa6 17. Rfd1 Rad8 18. Ncb5 Qb6 19. b4 h5 20. a4 a5 21. c5 dxc5 22.
bxc5 Qa6 23. Nc7 Qa7 24. Ncb5 Qb8 25. Bc3 h4 26. Bxa5 Nxa5 27. Qxa5 hxg3 28.
hxg3 Ng4 29. Qb4 Ne5 30. a5 Bc6 31. a6 bxa6 32. Nxc6 Nxc6 33. Bxc6 axb5 34. Bxb5
Be5 35. Kg2 Rxd1 36. Rxd1 Rd8 37. Rxd8+ Qxd8 38. c6 Qd5+ 39. Kg1 1/2-1/2

[Event "AUTO-ELITE-1505"]
[Site "http://www.queenalice.com/game.php?id=1362575"]
[Date "2015.5.30"]
[Round "1"]
[White "TigranPetrosian"]
[Black "gedr59"]
[Result "1-0"]
[WhiteElo "2358"]
[BlackElo "2403"]

1. c4 e6 2. Nc3 f5 3. d4 Nf6 4. Nf3 Bb4 5. Qb3 Qe7 6. g3 b6 7. Bg2 Bb7 8. O-O
Bxc3 9. Qxc3 d6 10. d5 Ne4 11. Qe3 exd5 12. cxd5 Bxd5 13. Rd1 Nf6 14. Qxe7+ Kxe7
15. Bg5 Be4 16. Nd4 g6 17. f3 Bb7 18. Rac1 Na6 19. Nb5 Rhc8 20. e4 Kf7 21. exf5
gxf5 22. a3 Nc5 23. Nd4 Kg6 24. Bh4 Re8 25. b4 Na6 26. Bh3 Bc8 27. Kf2 1-0

[Event "Tromat"]
[Site "http://www.queenalice.com/game.php?id=1362918"]
[Date "2015.6.1"]
[Round "4"]
[White "gedr59"]
[Black "agilulfo"]
[Result "1-0"]
[WhiteElo "2407"]
[BlackElo "1980"]

1. c4 Nf6 2. g3 g6 3. Bg2 Bg7 4. Nc3 O-O 5. Nf3 d6 6. O-O c5 7. d4 cxd4 8. Nxd4
Nc6 9. Nxc6 bxc6 10. Bxc6 Rb8 11. Bg2 Bb7 12. Qc2 Bxg2 13. Kxg2 Qb6 14. e4 Qc6
15. Nd5 Nxd5 16. exd5 Qc5 17. Rb1 a5 18. Be3 Qb4 19. b3 Qc3 20. Qe2 Qe5 21. Rfe1
Qe4+ 22. f3 Qf5 23. Bd2 a4 24. Qxe7 Qc2 25. Qe2 Qxa2 26. b4 Rfc8 27. Bf4 Qxe2+
28. Rxe2 Rxc4 29. Bxd6 Rb5 30. Re8+ Bf8 31. Bxf8 1-0

[Event "AUTO-ELITE-1429"]
[Site "http://www.queenalice.com/game.php?id=1366488"]
[Date "2015.6.19"]
[Round "2"]
[White "gedr59"]
[Black "arvo1938"]
[Result "0-1"]
[WhiteElo "2409"]
[BlackElo "2515"]

1. c4 e5 2. g3 Bc5 3. Bg2 Nf6 4. Nc3 Nc6 5. e3 O-O 6. Nge2 d6 7. O-O Bb6 8. d4
Bf5 9. d5 Nb8 10. e4 Bg6 11. Bd2 a5 12. Qc2 c6 13. Na4 Ba7 14. Nec3 Na6 15. Rfe1
Ng4 16. Be3 Nxe3 17. fxe3 Nc7 18. dxc6 bxc6 19. Rad1 Bh5 20. Rd3 Ne6 21. Qd2 Qg5
22. a3 Rfd8 23. b4 axb4 24. axb4 Qe7 25. Rb1 Qc7 26. Bh3 Rab8 27. Bxe6 fxe6 28.
c5 d5 29. exd5 cxd5 0-1

[Event "AUTO-ELITE-1429"]
[Site "http://www.queenalice.com/game.php?id=1366489"]
[Date "2015.6.19"]
[Round "2"]
[White "arvo1938"]
[Black "gedr59"]
[Result "1-0"]
[WhiteElo "2509"]
[BlackElo "2415"]

1. d4 e6 2. c4 f5 3. Nf3 Nf6 4. e3 Bb4+ 5. Bd2 Bxd2+ 6. Qxd2 O-O 7. Nc3 d6 8.
Rd1 Ne4 9. Qc2 Nxc3 10. Qxc3 Nd7 11. c5 Nf6 12. Qb3 Qe7 13. Bd3 a5 14. Rc1 a4
15. Qa3 b6 16. O-O bxc5 17. dxc5 d5 18. b4 e5 19. Be2 Bd7 20. Qc3 Rfe8 21. b5
Ne4 22. Qc2 g6 23. Rfd1 Nf6 24. Qb2 Rab8 25. a3 Kg7 26. c6 Bc8 27. Qc3 h6 28.
Qa5 1-0

[Event "AUTO-ELITE-1557"]
[Site "http://www.queenalice.com/game.php?id=1385217"]
[Date "2015.9.25"]
[Round "1"]
[White "AntonioMelo"]
[Black "gedr59"]
[Result "0-1"]
[WhiteElo "2223"]
[BlackElo "2391"]

1. f4 d5 2. Nf3 g6 3. e3 Bg7 4. d4 Nf6 5. Be2 O-O 6. O-O c5 7. c3 b6 8. Ne5 Bb7
9. Nd2 Nbd7 10. Ndf3 Qc7 11. Bd2 Nxe5 12. fxe5 Ne4 13. Be1 Bh6 14. Bd3 Bxe3+ 15.
Kh1 f5 16. Nd2 cxd4 17. Bxe4 fxe4 18. cxd4 Bxd4 19. Rxf8+ Rxf8 20. Bh4 Bxb2 21.
Rb1 Bc3 22. Rc1 Qxe5 23. Bg3 Qd4 24. Nb3 Qxd1+ 25. Rxd1 e3 0-1

[Event "AUTO-ELITE-1557"]
[Site "http://www.queenalice.com/game.php?id=1385218"]
[Date "2015.9.25"]
[Round "1"]
[White "gedr59"]
[Black "AntonioMelo"]
[Result "1/2-1/2"]
[WhiteElo "2401"]
[BlackElo "2185"]

1. c4 Nf6 2. g3 d6 3. Bg2 g6 4. Nc3 Bg7 5. Nf3 O-O 6. O-O Nc6 7. d4 Bg4 8. d5
Bxf3 9. exf3 Ne5 10. Qe2 Ned7 11. f4 Re8 12. Qc2 a6 13. b3 Rb8 14. a4 e5 15.
dxe6 fxe6 16. Bb2 c6 17. Rae1 d5 18. Bh3 Nc5 19. b4 Nce4 20. Nxe4 dxe4 21. Bxf6
Qxf6 22. Rxe4 b5 23. Rfe1 Qc3 24. Qa2 bxc4 25. Qxc4 Qxc4 26. Rxc4 e5 27. fxe5
Rxe5 28. Rxe5 Bxe5 29. Rxc6 Rxb4 30. Rxa6 Bd4 31. Be6+ Kg7 32. Kg2 Rb2 33. g4
Bxf2 34. Kf1 Be3 35. a5 Rxh2 36. Rc6 Rf2+ 37. Ke1 Rb2 38. a6 h5 39. gxh5 gxh5
40. Bd5 Bf2+ 41. Kf1 Rd2 42. Rc7+ Kh6 43. Bf3 Ra2 44. Rc8 Bd4 45. Rd8 Rf2+ 46.
Ke1 Rxf3 47. Rxd4 1/2-1/2

[Event "AUTO-ELITE-1557"]
[Site "http://www.queenalice.com/game.php?id=1385223"]
[Date "2015.9.25"]
[Round "1"]
[White "kookaburra"]
[Black "gedr59"]
[Result "0-1"]
[WhiteElo "2263"]
[BlackElo "2402"]

1. e4 e6 2. Nf3 d5 3. exd5 exd5 4. d4 Bd6 5. c4 c6 6. Nc3 Ne7 7. Bd3 dxc4 8.
Bxc4 O-O 9. O-O Nd7 10. Bg5 Nb6 11. Bd3 f6 12. Be3 Bf5 13. Re1 Qd7 14. Qb3+ Kh8
15. Rad1 Bxd3 16. Rxd3 Rfe8 17. Rd2 Ned5 18. Rde2 a5 19. Nxd5 Nxd5 20. Bd2 Rxe2
21. Rxe2 Kg8 22. Ne1 a4 23. Qf3 Qf7 24. Nd3 Nc7 25. Nc1 Nb5 26. Bc3 Qc4 27. Qe4
Rd8 28. Qe6+ Qxe6 29. Rxe6 Be5 30. Nd3 Nxd4 31. Rxe5 fxe5 32. Nxe5 Ne2+ 33. Kf1
Nxc3 0-1

[Event "AUTO-ELITE-1557"]
[Site "http://www.queenalice.com/game.php?id=1385224"]
[Date "2015.9.25"]
[Round "1"]
[White "gedr59"]
[Black "kookaburra"]
[Result "1-0"]
[WhiteElo "2395"]
[BlackElo "2271"]

1. c4 Nf6 2. Nc3 c5 3. g3 Nc6 4. Bg2 e6 5. Nf3 d5 6. cxd5 exd5 7. d4 Be7 8. O-O
O-O 9. Bg5 Re8 10. dxc5 Be6 11. Na4 Ne4 12. Bxe7 Qxe7 13. Rc1 Rad8 14. Nd4 Nxd4
15. Qxd4 Bd7 16. Rfd1 Nf6 17. Nc3 Be6 18. Nb5 a6 19. Nd6 Rf8 20. b4 Ne8 21. Nxe8
Rfxe8 22. Bf3 h6 23. e3 Qd7 24. Qc3 Qc6 25. Rd4 Rd7 26. Qb3 Red8 27. a4 b5 28.
axb5 axb5 29. Rcd1 Kf8 30. Qd3 Kg8 31. Ra1 g6 32. Ra5 Rb8 33. Qa3 Rc7 34. Ra6
Qd7 35. e4 Qe7 36. exd5 Bh3 37. Qa1 Qe5 38. d6 Rd7 39. Rd1 Qf5 40. Bh1 Bg4 41.
Rd5 Qe6 42. c6 Rxd6 43. c7 1-0

[Event "AUTO-ELITE-1569"]
[Site "http://www.queenalice.com/game.php?id=1389640"]
[Date "2015.10.18"]
[Round "1"]
[White "TigranPetrosian"]
[Black "gedr59"]
[Result "1/2-1/2"]
[WhiteElo "2408"]
[BlackElo "2417"]

1. e4 e6 2. d4 d5 3. Nc3 Bb4 4. e5 c5 5. a3 Bxc3+ 6. bxc3 Ne7 7. Nf3 Bd7 8. Be2
Ba4 9. O-O Qc7 10. Rb1 O-O 11. dxc5 Nd7 12. Be3 Nc6 13. c4 dxc4 14. Qd6 Rac8 15.
Rfc1 h6 16. Bxc4 Ndxe5 17. Nxe5 Nxe5 18. Bb3 Bxb3 19. cxb3 Rfd8 20. Qxc7 Rxc7
21. Bf4 Rd5 22. Re1 f6 23. b4 Kf7 24. Rbc1 Rd3 25. Re3 Rcd7 26. Bxe5 fxe5 27.
Rxe5 Rxa3 28. g3 Rd2 29. Re4 Rf3 30. Rf1 Rb2 1/2-1/2

[Event "AUTO-ELITE-1569"]
[Site "http://www.queenalice.com/game.php?id=1389641"]
[Date "2015.10.18"]
[Round "1"]
[White "gedr59"]
[Black "TigranPetrosian"]
[Result "1/2-1/2"]
[WhiteElo "2417"]
[BlackElo "2408"]

1. c4 c5 2. Nf3 Nc6 3. d4 cxd4 4. Nxd4 g6 5. e4 Bg7 6. Be3 Nf6 7. Nc3 d6 8. Be2
O-O 9. O-O Bd7 10. Rc1 Nxd4 11. Bxd4 Bc6 12. f3 a5 13. b3 Nd7 14. Be3 Nc5 15. a3
Be5 16. Nb5 Re8 17. Rb1 Qc8 18. Qd2 a4 19. b4 Nb3 20. Qd3 Bxb5 21. cxb5 Qc3 22.
Qxc3 Bxc3 23. Rfd1 Rec8 24. Rd3 Kg7 25. Bd1 Be5 26. Bxb3 axb3 27. Rdxb3 f5 28.
exf5 gxf5 29. f4 Bf6 30. Rc1 Rxc1+ 31. Bxc1 Kf7 32. Rd3 Ke6 33. Kf2 d5 34. Ke2
1/2-1/2

[Event "AUTO-ELITE-1569"]
[Site "http://www.queenalice.com/game.php?id=1389644"]
[Date "2015.10.18"]
[Round "1"]
[White "Dummer"]
[Black "gedr59"]
[Result "1/2-1/2"]
[WhiteElo "2368"]
[BlackElo "2417"]

1. e4 e6 2. Qe2 c5 3. Nc3 Nc6 4. Nf3 Be7 5. g3 d5 6. d3 Nd4 7. Nxd4 cxd4 8. Nd1
Nf6 9. Bg2 dxe4 10. dxe4 e5 11. c4 h5 12. O-O h4 13. b3 Bg4 14. f3 Bc5 15. Qf2
Bd7 16. Nb2 h3 17. Bh1 Qc7 18. Nd3 O-O 19. f4 Ng4 20. Qe2 exf4 21. Bxf4 Qc8 22.
e5 Bf5 23. Rae1 Bxd3 24. Qxd3 Ne3 25. Rf2 Ng4 26. Rfe2 Ne3 27. Bxe3 dxe3 28. Bd5
Qg4 29. Qe4 Qxe4 30. Bxe4 Rae8 31. Bxb7 Rxe5 32. Rd1 Rfe8 33. Rd5 Rxd5 34. Bxd5
1/2-1/2

[Event "Tromat"]
[Site "http://www.queenalice.com/game.php?id=1396197"]
[Date "2015.11.27"]
[Round "5"]
[White "mauricio_sm"]
[Black "gedr59"]
[Result "0-1"]
[WhiteElo "1923"]
[BlackElo "2416"]

1. e4 e6 2. d4 d5 3. exd5 exd5 4. Nf3 Bd6 5. Be2 Ne7 6. O-O O-O 7. Nc3 c6 8. Be3
Qc7 9. Qc1 Bf5 10. Re1 Nd7 11. a3 Rfe8 12. Bf1 Bg4 13. Nh4 Bxh2+ 14. Kh1 Bd6 15.
g3 Nf5 16. Nxf5 Bxf5 17. Bg2 Nf6 18. Ne2 Ng4 19. Kg1 Nxe3 20. fxe3 Bxg3 21. Nxg3
Qxg3 22. Qd2 Re6 23. Qf2 Qg5 24. Rf1 Rg6 25. Rae1 f6 26. Re2 Be4 27. Rd1 Bxg2
28. Qxg2 Qh5 0-1

[Event "AUTO-ELITE-1557"]
[Site "http://www.queenalice.com/game.php?id=1431614"]
[Date "2016.7.14"]
[Round "2"]
[White "gedr59"]
[Black "RIVAS"]
[Result "1/2-1/2"]
[WhiteElo "2414"]
[BlackElo "2327"]

1. c4 Nf6 2. g3 g6 3. Bg2 Bg7 4. Nf3 O-O 5. O-O d6 6. Nc3 e5 7. d4 Nc6 8. d5 Ne7
9. e4 Ne8 10. Be3 f5 11. Qd2 Nf6 12. Bh6 fxe4 13. Nh4 Bf5 14. Bxg7 Kxg7 15. Rfe1
a6 16. Nxe4 Nxe4 17. Bxe4 Bxe4 18. Rxe4 Nf5 19. Rae1 Qf6 20. Nxf5+ Qxf5 21. Rh4
g5 22. Rhe4 Rf7 23. b4 Raf8 24. R4e2 1/2-1/2

[Event "AUTO-ELITE-1557"]
[Site "http://www.queenalice.com/game.php?id=1431615"]
[Date "2016.7.14"]
[Round "2"]
[White "RIVAS"]
[Black "gedr59"]
[Result "1/2-1/2"]
[WhiteElo "2335"]
[BlackElo "2416"]

1. Nf3 e6 2. d4 f5 3. g3 Nf6 4. Bg2 Bb4+ 5. c3 Be7 6. O-O O-O 7. Ne5 d6 8. Nd3
a5 9. Nd2 d5 10. e3 a4 11. c4 c6 12. f4 Nbd7 13. c5 Ne4 14. Nxe4 fxe4 15. Ne5
Nxe5 16. fxe5 Qe8 17. Bd2 Qg6 1/2-1/2